[Event "Mauricie op U1800"]
[Site "Trois Rivieres CAN"]
[Date "2005.03.18"]
[Round "1"]
[White "Pilotte, Benoit"]
[Black "Servant, Michel"]
[Result "1-0"]
[WhiteElo "1778"]
[BlackElo "1722"]
[PlyCount "59"]
[GameId "2160767910965449"]
[EventDate "2005.03.18"]
[EventType "swiss"]
[EventRounds "5"]
[EventCountry "CAN"]
[SourceTitle "EXT 2006"]
[Source "ChessBase"]
[SourceDate "2005.11.24"]
[SourceVersion "1"]
[SourceVersionDate "2005.11.24"]
[SourceQuality "1"]

1. d4 Nf6 2. Nf3 e6 3. g3 d5 4. Bg2 Be7 5. O-O b6 6. c4 Bb7 7. Nc3 O-O 8. cxd5 exd5 9. Bf4 Re8 10. Nb5 Na6 11. Rc1 c6 12. Nc3 Nh5 13. Bd2 Bd6 14. e4 dxe4 15. Ng5 Nf6 16. Ncxe4 h6 17. Nxd6 Qxd6 18. Bf4 Qb4 19. Nh3 Qxb2 20. Bxc6 Bxc6 21. Rxc6 Re2 22. Bxh6 Ng4 23. Nf4 Rae8 24. Nxe2 Rxe2 25. Rc8+ Kh7 26. Qd3+ g6 27. Bc1 Qxa2 28. Qf3 Nh6 29. Qf6 Ng8 30. Rxg8 1-0

[Event "Mauricie op U1800"]
[Site "Trois Rivieres CAN"]
[Date "2005.03.18"]
[Round "1"]
[White "Ranger, Denis"]
[Black "Ouellet-Lahaie, Didier"]
[Result "1-0"]
[WhiteElo "1752"]
[BlackElo "1696"]
[PlyCount "53"]
[GameId "2160767910965450"]
[EventDate "2005.03.18"]
[EventType "swiss"]
[EventRounds "5"]
[EventCountry "CAN"]
[SourceTitle "EXT 2022"]
[Source "ChessBase"]
[SourceDate "2021.10.06"]
[SourceVersion "1"]
[SourceVersionDate "2021.10.06"]
[SourceQuality "1"]

1. g3 d5 2. Bg2 Nf6 3. f4 c5 4. Nf3 Nc6 5. c4 d4 6. d3 g6 7. Nbd2 Bg7 8. Nb3 O-O 9. O-O Qd6 10. Nh4 e6 11. Nd2 Re8 12. Ne4 Nxe4 13. dxe4 f5 14. e5 Qc7 15. Bd2 Nxe5 16. fxe5 Bxe5 17. Bf4 Bd6 18. Bxd6 Qxd6 19. Qb3 Kg7 20. Rad1 e5 21. e4 fxe4 22. Bxe4 Rb8 23. Qf3 Be6 24. Qf6+ Kg8 25. Bd5 Rbd8 26. Nxg6 Bxd5 27. Qh8# 1-0

[Event "Mauricie op U1800"]
[Site "Trois Rivieres CAN"]
[Date "2005.03.19"]
[Round "2"]
[White "Cloutier, Richard"]
[Black "Boutin, Jean-Roger"]
[Result "0-1"]
[WhiteElo "1778"]
[BlackElo "1607"]
[PlyCount "90"]
[GameId "2160767910965451"]
[EventDate "2005.03.18"]
[EventType "swiss"]
[EventRounds "5"]
[EventCountry "CAN"]
[SourceTitle "EXT 2006"]
[Source "ChessBase"]
[SourceDate "2005.11.24"]
[SourceVersion "1"]
[SourceVersionDate "2005.11.24"]
[SourceQuality "1"]

1. e4 c5 2. Nc3 g6 3. g3 Bg7 4. Bg2 d6 5. d3 Nc6 6. Be3 Nf6 7. Nge2 Rb8 8. a4 e5 9. O-O O-O 10. f4 Ng4 11. Bd2 f5 12. h3 Nf6 13. fxe5 Nxe5 14. exf5 Bxf5 15. Nf4 Nc6 16. Ncd5 Nxd5 17. Bxd5+ Kh8 18. Bc3 Nd4 19. g4 Bd7 20. Be1 Qg5 21. h4 Qxg4+ 22. Qxg4 Bxg4 23. c3 Rxf4 24. cxd4 Bxd4+ 25. Bf2 Rxf2 26. Rxf2 Rf8 27. Raf1 b6 28. Kg2 Rxf2+ 29. Rxf2 Bxf2 30. Kxf2 Kg7 31. Ke3 Kf6 32. Kf4 Bf5 33. Bc4 h6 34. Ke3 Ke5 35. Bb3 d5 36. Bd1 g5 37. hxg5 hxg5 38. Be2 g4 39. Bf1 d4+ 40. Kf2 Kf4 41. Ke2 Bd7 42. a5 Bc6 43. axb6 axb6 44. Kf2 g3+ 45. Kg1 g2 0-1

[Event "Mauricie op U1800"]
[Site "Trois Rivieres CAN"]
[Date "2005.03.19"]
[Round "2"]
[White "Germain, Benoit"]
[Black "Pilotte, Benoit"]
[Result "0-1"]
[WhiteElo "1727"]
[BlackElo "1778"]
[PlyCount "79"]
[GameId "2160767910965452"]
[EventDate "2005.03.18"]
[EventType "swiss"]
[EventRounds "5"]
[EventCountry "CAN"]
[SourceTitle "EXT 2006"]
[Source "ChessBase"]
[SourceDate "2005.11.24"]
[SourceVersion "1"]
[SourceVersionDate "2005.11.24"]
[SourceQuality "1"]

1. d4 Nf6 2. c4 g6 3. Nf3 Bg7 4. g3 O-O 5. Bg2 c5 6. O-O cxd4 7. Nxd4 Qc7 8. b3 d6 9. Bb2 Bd7 10. Nc3 Nc6 11. Nf3 Rfe8 12. Nb5 Qc8 13. Rc1 a6 14. Nc3 Ne4 15. Ba1 Nxc3 16. Bxc3 Bh6 17. e3 Bg4 18. Qd2 Rb8 19. Nd4 Na7 20. f3 Bd7 21. f4 e5 22. Kh1 b5 23. cxb5 Nxb5 24. Ba5 exd4 25. Rxc8 Rbxc8 26. exd4 Bg7 27. Bb7 Rb8 28. Bxa6 Bxd4 29. h4 Bc6+ 30. Kh2 Be3 31. Qd1 Bc5 32. Bxb5 Bxb5 33. Re1 Rxe1 34. Qxe1 Re8 35. Qd1 Re2+ 36. Kh3 Bd7+ 37. g4 Re3+ 38. Kg2 Bc6+ 39. Kf1 Rf3+ 40. Ke1 0-1

[Event "Mauricie op U1800"]
[Site "Trois Rivieres CAN"]
[Date "2005.03.19"]
[Round "2"]
[White "Grenier, Jean-Luc"]
[Black "Mercier, Andre"]
[Result "0-1"]
[WhiteElo "1648"]
[BlackElo "1778"]
[PlyCount "76"]
[GameId "2160767910965453"]
[EventDate "2005.03.18"]
[EventType "swiss"]
[EventRounds "5"]
[EventCountry "CAN"]
[SourceTitle "EXT 2022"]
[Source "ChessBase"]
[SourceDate "2021.10.06"]
[SourceVersion "1"]
[SourceVersionDate "2021.10.06"]
[SourceQuality "1"]

1. e4 c5 2. Nf3 e6 3. d4 cxd4 4. Nxd4 a6 5. c4 Nf6 6. Qc2 Bb4+ 7. Bd2 Qb6 8. Bxb4 Qxb4+ 9. Nd2 d6 10. Bd3 Nc6 11. Nxc6 bxc6 12. O-O Rb8 13. c5 d5 14. Rab1 h5 15. a3 Qa5 16. b4 Qc7 17. f4 Ng4 18. Qc3 O-O 19. e5 g6 20. Bc2 a5 21. bxa5 Ba6 22. Rxb8 Rxb8 23. Rb1 Ra8 24. Rb6 Bb5 25. Nb3 Ba4 26. Nd4 Bxc2 27. Nxc2 Qe7 28. h3 Qh4 29. hxg4 hxg4 30. Qb3 Kg7 31. Rb8 Rxb8 32. Qxb8 g3 33. Qb4 Qh2+ 34. Kf1 Qh1+ 35. Ke2 Qxg2+ 36. Kd1 Qf1+ 37. Qe1 g2 38. Ne3 Qxe1+ 0-1

[Event "Mauricie op U1800"]
[Site "Trois Rivieres CAN"]
[Date "2005.03.19"]
[Round "2"]
[White "Grenier, Jean-Pierre"]
[Black "Garceau, Steve"]
[Result "1/2-1/2"]
[WhiteElo "1531"]
[BlackElo "1684"]
[PlyCount "144"]
[GameId "2160767910965454"]
[EventDate "2005.03.18"]
[EventType "swiss"]
[EventRounds "5"]
[EventCountry "CAN"]
[SourceTitle "EXT 2022"]
[Source "ChessBase"]
[SourceDate "2021.10.06"]
[SourceVersion "1"]
[SourceVersionDate "2021.10.06"]
[SourceQuality "1"]

1. d4 Nf6 2. Nf3 d5 3. e3 g6 4. Bd3 Bg7 5. O-O O-O 6. Nbd2 Bg4 7. b3 c5 8. c3 Nc6 9. Ba3 cxd4 10. cxd4 Re8 11. Re1 e5 12. dxe5 Nxe5 13. Be2 Bxf3 14. Nxf3 Nxf3+ 15. Bxf3 Ne4 16. Rc1 Qa5 17. Bxe4 dxe4 18. Bc5 Qxa2 19. Re2 Qa6 20. Rd2 Rac8 21. Bd4 Rxc1 22. Qxc1 Bxd4 23. Rxd4 b6 24. h3 Qb5 25. Qc2 Qe5 26. Rd7 a5 27. Qc4 Qe6 28. Qb5 Rc8 29. Rb7 Rc6 30. Kh2 Qd6+ 31. g3 Kg7 32. h4 Qf6 33. Qe2 Rd6 34. Rb8 Rd3 35. Qc2 Qe6 36. Qb2+ f6 37. Qc2 Rd7 38. Qc8 Qf7 39. Qh8+ Kh6 40. Rxb6 Rb7 41. Rxf6 Qxb3 42. Qf8+ Rg7 43. Ra6 Qf7 44. Qxf7 Rxf7 45. Kg2 Rf5 46. g4 Rb5 47. Ra7 g5 48. hxg5+ Kxg5 49. Kg3 Kg6 50. Kf4 Rb2 51. Ra6+ Kg7 52. Rxa5 Rxf2+ 53. Kxe4 Kg6 54. Rf5 Rb2 55. Kf4 h6 56. e4 Rb4 57. Ra5 Rb6 58. Ra8 Rf6+ 59. Ke5 Rb6 60. Rg8+ Kf7 61. Rd8 Rb1 62. Rd6 Kg7 63. Ke6 Rg1 64. Rd7+ Kg6 65. Rd8 Rxg4 66. Rg8+ Kh5 67. Rxg4 Kxg4 68. Kd6 h5 69. e5 h4 70. e6 h3 71. e7 h2 72. e8=Q h1=Q 1/2-1/2

[Event "Mauricie op U1800"]
[Site "Trois Rivieres CAN"]
[Date "2005.03.19"]
[Round "2"]
[White "Ouellet-Lahaie, Didier"]
[Black "Annen, Marc Antoine"]
[Result "1/2-1/2"]
[WhiteElo "1696"]
[BlackElo "1604"]
[PlyCount "46"]
[GameId "2160767910965455"]
[EventDate "2005.03.18"]
[EventType "swiss"]
[EventRounds "5"]
[EventCountry "CAN"]
[SourceTitle "EXT 2022"]
[Source "ChessBase"]
[SourceDate "2021.10.06"]
[SourceVersion "1"]
[SourceVersionDate "2021.10.06"]
[SourceQuality "1"]

1. e4 e5 2. Nf3 Nf6 3. Nxe5 d6 4. Nf3 Nxe4 5. Qe2 Qe7 6. d3 Nf6 7. Bg5 Qxe2+ 8. Bxe2 Be7 9. Nc3 Nc6 10. Nb5 Kd8 11. O-O-O Bg4 12. h3 Bh5 13. g4 Bg6 14. Nh4 a6 15. Nxg6 hxg6 16. Nc3 Nd4 17. Bf1 Ne6 18. Be3 d5 19. Ne2 g5 20. Bg2 Bd6 21. c4 c6 22. Rhe1 Kd7 23. Kb1 Rad8 1/2-1/2

[Event "Mauricie op U1800"]
[Site "Trois Rivieres CAN"]
[Date "2005.03.19"]
[Round "3"]
[White "Bourassa, Samuel"]
[Black "Grenier, Jean-Pierre"]
[Result "0-1"]
[WhiteElo "1676"]
[BlackElo "1531"]
[PlyCount "64"]
[GameId "2160767910965456"]
[EventDate "2005.03.18"]
[EventType "swiss"]
[EventRounds "5"]
[EventCountry "CAN"]
[SourceTitle "EXT 2022"]
[Source "ChessBase"]
[SourceDate "2021.10.06"]
[SourceVersion "1"]
[SourceVersionDate "2021.10.06"]
[SourceQuality "1"]

1. e4 c5 2. Nc3 Nc6 3. f4 e6 4. g3 a6 5. a4 b6 6. Bg2 Bb7 7. Nge2 h5 8. O-O h4 9. g4 h3 10. Bf3 Qc7 11. d3 O-O-O 12. Bd2 f5 13. exf5 Nd4 14. Nxd4 cxd4 15. Ne2 Bxf3 16. Rxf3 Rh4 17. Rg3 Bd6 18. fxe6 g5 19. exd7+ Qxd7 20. Qf1 Rf8 21. Qf3 Kc7 22. Rxh3 Rxg4+ 23. Rg3 Nh6 24. Rxg4 Nxg4 25. a5 b5 26. b4 gxf4 27. Nxf4 Ne3 28. Bxe3 dxe3 29. Nd5+ Kd8 30. Qg2 Qe6 31. Kh1 Rf2 32. Qg5+ Kd7 0-1

[Event "Mauricie op U1800"]
[Site "Trois Rivieres CAN"]
[Date "2005.03.19"]
[Round "3"]
[White "Keep, Richard"]
[Black "Ouellet-Lahaie, Didier"]
[Result "1/2-1/2"]
[WhiteElo "1615"]
[BlackElo "1696"]
[PlyCount "99"]
[GameId "2160767910965457"]
[EventDate "2005.03.18"]
[EventType "swiss"]
[EventRounds "5"]
[EventCountry "CAN"]
[SourceTitle "EXT 2022"]
[Source "ChessBase"]
[SourceDate "2021.10.06"]
[SourceVersion "1"]
[SourceVersionDate "2021.10.06"]
[SourceQuality "1"]

1. e4 e5 2. Bc4 Nf6 3. Nf3 Nxe4 4. Nc3 Nxc3 5. dxc3 f6 6. Nh4 g6 7. O-O c6 8. Re1 d5 9. Bd3 Kf7 10. c4 Bg7 11. c3 e4 12. Bf1 f5 13. g3 Be6 14. Qb3 Qb6 15. Be3 Qxb3 16. axb3 a6 17. Ng2 dxc4 18. Nf4 Nd7 19. Nxe6 Kxe6 20. Bxc4+ Ke7 21. Rad1 Rad8 22. Kg2 b5 23. Be2 Be5 24. f3 Nf6 25. Bb6 Rxd1 26. Rxd1 Rc8 27. Bc5+ Ke6 28. Rd2 Bc7 29. Bd1 Rd8 30. Rxd8 Bxd8 31. b4 exf3+ 32. Kxf3 Nd5 33. Bb3 Bf6 34. c4 bxc4 35. Bxc4 Bxb2 36. Bxa6 Ke5 37. Bb7 Ba3 38. Bxc6 Bxb4 39. Bxd5 Bxc5 40. Bc4 Kf6 41. Bd5 Bd6 42. Bc4 g5 43. h3 h5 44. Bb5 g4+ 45. hxg4 hxg4+ 46. Kg2 Kg5 47. Bc6 Bxg3 48. Kxg3 f4+ 49. Kg2 Kh4 50. Bd5 1/2-1/2

[Event "Mauricie op U1800"]
[Site "Trois Rivieres CAN"]
[Date "2005.03.19"]
[Round "3"]
[White "Mercier, Andre"]
[Black "Germain, Benoit"]
[Result "1-0"]
[WhiteElo "1777"]
[BlackElo "1727"]
[PlyCount "127"]
[GameId "2160767910965458"]
[EventDate "2005.03.18"]
[EventType "swiss"]
[EventRounds "5"]
[EventCountry "CAN"]
[SourceTitle "EXT 2022"]
[Source "ChessBase"]
[SourceDate "2021.10.06"]
[SourceVersion "1"]
[SourceVersionDate "2021.10.06"]
[SourceQuality "1"]

1. d4 Nf6 2. Nf3 d5 3. e3 c6 4. Be2 e6 5. Nbd2 Nbd7 6. c4 Be7 7. Qc2 b6 8. b3 Bb7 9. Bb2 c5 10. Rc1 Rc8 11. O-O O-O 12. Rfd1 cxd4 13. Nxd4 a6 14. Bd3 e5 15. Nf5 Re8 16. Qb1 e4 17. Be2 Bf8 18. cxd5 Rxc1 19. Rxc1 b5 20. Rd1 Bxd5 21. Ng3 Qa8 22. a3 Ne5 23. b4 Qc6 24. Bd4 Qe6 25. Ndxe4 Nxe4 26. Nxe4 Qg6 27. Ng3 Qc6 28. Rc1 Nc4 29. f3 Qd7 30. Qd3 Be6 31. Ne4 Rd8 32. Qc3 h6 33. Bd3 Nxe3 34. Bxe3 Qxd3 35. Bc5 Bc4 36. Bxf8 Kxf8 37. Nc5 Qxc3 38. Rxc3 Rd6 39. Ne4 Rd1+ 40. Kf2 Ke7 41. Re3 Be6 42. Nc5 Rd6 43. f4 Kf8 44. Nxe6+ fxe6 45. Kf3 Kf7 46. h3 g6 47. Ke4 Rd2 48. g4 Kf6 49. Rc3 Re2+ 50. Kd4 Rf2 51. Kc5 Rxf4 52. Kb6 e5 53. Kxa6 e4 54. Kxb5 Rf3 55. Rc6+ Kf7 56. a4 e3 57. Rc4 Ke6 58. Re4+ Kd5 59. Re8 Rf7 60. Rxe3 Rb7+ 61. Ka5 Ra7+ 62. Kb6 Rxa4 63. b5 Rb4 64. Rc3 1-0

[Event "Mauricie op U1800"]
[Site "Trois Rivieres CAN"]
[Date "2005.03.19"]
[Round "3"]
[White "Pilotte, Benoit"]
[Black "Leger, Maxime"]
[Result "0-1"]
[WhiteElo "1778"]
[BlackElo "1606"]
[PlyCount "96"]
[GameId "2160767910965459"]
[EventDate "2005.03.18"]
[EventType "swiss"]
[EventRounds "5"]
[EventCountry "CAN"]
[SourceTitle "EXT 2022"]
[Source "ChessBase"]
[SourceDate "2021.10.06"]
[SourceVersion "1"]
[SourceVersionDate "2021.10.06"]
[SourceQuality "1"]

1. d4 d5 2. e4 dxe4 3. Nc3 Bf5 4. f3 exf3 5. Qxf3 Qc8 6. Bf4 e6 7. O-O-O Nf6 8. h3 c6 9. g4 Bg6 10. h4 h5 11. g5 Nd5 12. Nxd5 cxd5 13. Bd3 Bxd3 14. Rxd3 Nc6 15. g6 f6 16. Kb1 Qd7 17. Ne2 Bd6 18. Bxd6 Qxd6 19. Nf4 O-O-O 20. Nxh5 Rd7 21. Nxg7 Rxg7 22. Qxf6 Qe7 23. Rf3 Kd7 24. c3 Rh6 25. h5 Rgxg6 26. Qxg6 Rxg6 27. hxg6 Qg5 28. Rf7+ Kd6 29. Rhh7 Qxg6+ 30. Kc1 Na5 31. Rd7+ Kc6 32. b4 Qg1+ 33. Kc2 Qf2+ 34. Kd3 Qf5+ 35. Ke2 Nc4 36. Rc7+ Kb5 37. Rxb7+ Nb6 38. Rxa7 Qc2+ 39. Kf1 Qxc3 40. Rhc7 Qxd4 41. a3 Nc4 42. Rcb7+ Kc6 43. b5+ Kd6 44. a4 Ne3+ 45. Kf2 Nf5+ 46. Kg2 Ke5 47. Rf7 Kf4 48. Ra6 Qd2+ 0-1

[Event "Mauricie op U1800"]
[Site "Trois Rivieres CAN"]
[Date "2005.03.20"]
[Round "4"]
[White "Grenier, Jean-Luc"]
[Black "Germain, Benoit"]
[Result "0-1"]
[WhiteElo "1648"]
[BlackElo "1727"]
[PlyCount "38"]
[GameId "2160767910965460"]
[EventDate "2005.03.18"]
[EventType "swiss"]
[EventRounds "5"]
[EventCountry "CAN"]
[SourceTitle "EXT 2022"]
[Source "ChessBase"]
[SourceDate "2021.10.06"]
[SourceVersion "1"]
[SourceVersionDate "2021.10.06"]
[SourceQuality "1"]

1. e4 e5 2. Nf3 Nc6 3. Bb5 a6 4. Ba4 Nf6 5. O-O b5 6. Bb3 Be7 7. Re1 O-O 8. c3 d6 9. h3 Bb7 10. d4 exd4 11. cxd4 Nb8 12. Bc2 c5 13. Nbd2 Re8 14. Nf1 Nbd7 15. Ng3 Bf8 16. e5 dxe5 17. dxe5 Bxf3 18. Qxf3 Nxe5 19. Qf5 Nf3+ 0-1

[Event "Mauricie op U1800"]
[Site "Trois Rivieres CAN"]
[Date "2005.03.20"]
[Round "4"]
[White "Grenier, Jean-Pierre"]
[Black "Pelchat, Robert"]
[Result "1-0"]
[WhiteElo "1531"]
[BlackElo "1690"]
[PlyCount "57"]
[GameId "2160767910965461"]
[EventDate "2005.03.18"]
[EventType "swiss"]
[EventRounds "5"]
[EventCountry "CAN"]
[SourceTitle "EXT 2022"]
[Source "ChessBase"]
[SourceDate "2021.10.06"]
[SourceVersion "1"]
[SourceVersionDate "2021.10.06"]
[SourceQuality "1"]

1. d4 f5 2. Nf3 g6 3. b3 Nf6 4. Bb2 Bg7 5. e3 e6 6. Ba3 d6 7. Bc4 c5 8. O-O Ne4 9. Nfd2 Qa5 10. Nxe4 fxe4 11. Qg4 d5 12. Bxd5 cxd4 13. Bxe6 Nd7 14. Bxd7+ Bxd7 15. Qxe4+ Qe5 16. Qxe5+ Bxe5 17. exd4 Bxd4 18. Re1+ Kd8 19. c3 Bf6 20. Bd6 Rc8 21. Be5 Bxe5 22. Rxe5 Bf5 23. c4 Kd7 24. Nc3 Kd6 25. Rd5+ Ke6 26. Re1+ Kf7 27. f3 h5 28. Ne4 Rc7 29. Nd6+ 1-0

[Event "Mauricie op U1800"]
[Site "Trois Rivieres CAN"]
[Date "2005.03.20"]
[Round "4"]
[White "Mercier, Andre"]
[Black "Touboul, Bertrand"]
[Result "0-1"]
[WhiteElo "1777"]
[BlackElo "1601"]
[PlyCount "88"]
[GameId "2160767910965462"]
[EventDate "2005.03.18"]
[EventType "swiss"]
[EventRounds "5"]
[EventCountry "CAN"]
[SourceTitle "EXT 2006"]
[Source "ChessBase"]
[SourceDate "2005.11.24"]
[SourceVersion "1"]
[SourceVersionDate "2005.11.24"]
[SourceQuality "1"]

1. d4 d5 2. Nf3 Nf6 3. g3 Bf5 4. Bg2 e6 5. Nbd2 Bd6 6. O-O Nbd7 7. c4 c6 8. b3 O-O 9. Bb2 Re8 10. Nh4 Bg4 11. Re1 e5 12. dxe5 Nxe5 13. Qc2 Bb4 14. Bc3 Bxc3 15. Qxc3 Qd7 16. Nhf3 Ng6 17. Rad1 Rad8 18. Qd4 b6 19. cxd5 c5 20. Qa1 Nxd5 21. Nc4 Qe7 22. Rd2 b5 23. Na3 a6 24. Red1 Nb6 25. Nc2 h6 26. Ne3 Be6 27. Ne5 Nxe5 28. Qxe5 Rxd2 29. Rxd2 c4 30. Be4 Kf8 31. Bc2 cxb3 32. Bxb3 Nc4 33. Nxc4 bxc4 34. Ba4 Rd8 35. Rxd8+ Qxd8 36. Qc5+ Kg8 37. Qb4 Qd4 38. Bc2 g6 39. Qa4 Bh3 40. Qe8+ Kg7 41. Qe4 Qa1+ 42. Bb1 Bf5 43. Qxc4 Qxb1+ 44. Kg2 Qe4+ 0-1

[Event "Mauricie op U1800"]
[Site "Trois Rivieres CAN"]
[Date "2005.03.20"]
[Round "4"]
[White "Ouellet-Lahaie, Didier"]
[Black "Trottier, Luc"]
[Result "1-0"]
[WhiteElo "1696"]
[BlackElo "1398"]
[PlyCount "67"]
[GameId "2160767910965463"]
[EventDate "2005.03.18"]
[EventType "swiss"]
[EventRounds "5"]
[EventCountry "CAN"]
[SourceTitle "EXT 2022"]
[Source "ChessBase"]
[SourceDate "2021.10.06"]
[SourceVersion "1"]
[SourceVersionDate "2021.10.06"]
[SourceQuality "1"]

1. e4 e5 2. Nf3 Nc6 3. Bb5 Nf6 4. O-O Bc5 5. Nxe5 Bxf2+ 6. Kxf2 Nxe5 7. d4 Nfg4+ 8. Kg1 Qh4 9. h3 Qg3 10. hxg4 Nxg4 11. Bf4 Qh4 12. Qe1 Qh5 13. Be2 d6 14. Qg3 g5 15. Be3 Bd7 16. e5 O-O-O 17. exd6 c6 18. Nc3 Rhe8 19. d5 Rxe3 20. Bxg4 Rxg3 21. Bxh5 Re3 22. Rxf7 Re5 23. Re7 Rf5 24. Bg4 Rff8 25. Bxd7+ Rxd7 26. dxc6 bxc6 27. Ne4 h6 28. Rd1 Rf7 29. Re8+ Rd8 30. Rxd8+ Kxd8 31. Nc5 Rf5 32. b4 Rd5 33. Rxd5 cxd5 34. a4 1-0

[Event "Mauricie op U1800"]
[Site "Trois Rivieres CAN"]
[Date "2005.03.20"]
[Round "5"]
[White "Bourassa, Michel"]
[Black "Ouellet-Lahaie, Didier"]
[Result "1-0"]
[WhiteElo "1572"]
[BlackElo "1696"]
[PlyCount "49"]
[GameId "2160767910965465"]
[EventDate "2005.03.18"]
[EventType "swiss"]
[EventRounds "5"]
[EventCountry "CAN"]
[SourceTitle "EXT 2022"]
[Source "ChessBase"]
[SourceDate "2021.10.06"]
[SourceVersion "1"]
[SourceVersionDate "2021.10.06"]
[SourceQuality "1"]

1. d4 Nf6 2. c4 e6 3. Nf3 b6 4. Nc3 Bb7 5. Bg5 Be7 6. Qc2 d6 7. e4 h6 8. Bh4 c5 9. Bd3 cxd4 10. Nxd4 Nbd7 11. O-O O-O 12. f4 e5 13. Nf5 exf4 14. Rxf4 Ne5 15. Nxe7+ Qxe7 16. Bxf6 gxf6 17. Raf1 Kg7 18. Nd5 Bxd5 19. exd5 Ng6 20. Rg4 h5 21. Rg3 h4 22. Rg4 Qe3+ 23. Kh1 h3 24. Bxg6 hxg2+ 25. Rxg2 1-0

[Event "Mauricie op U1800"]
[Site "Trois Rivieres CAN"]
[Date "2005.03.20"]
[Round "5"]
[White "Girouard, Michel"]
[Black "Mercier, Andre"]
[Result "0-1"]
[WhiteElo "1765"]
[BlackElo "1777"]
[PlyCount "80"]
[GameId "2160767910965466"]
[EventDate "2005.03.18"]
[EventType "swiss"]
[EventRounds "5"]
[EventCountry "CAN"]
[SourceTitle "EXT 2022"]
[Source "ChessBase"]
[SourceDate "2021.10.06"]
[SourceVersion "1"]
[SourceVersionDate "2021.10.06"]
[SourceQuality "1"]

1. g3 Nf6 2. Bg2 g6 3. e4 d6 4. d3 Bg7 5. Nc3 c5 6. Nf3 Nc6 7. O-O e5 8. Be3 Nd4 9. h3 Bd7 10. Nh4 Rb8 11. Qd2 b5 12. f4 Nh5 13. Qf2 Bh6 14. Rae1 O-O 15. fxe5 Bxe3 16. Rxe3 dxe5 17. Nd5 Qg5 18. c3 Ne6 19. Kh2 Qd8 20. Rf3 Be8 21. Nf6+ Nxf6 22. Rxf6 Nf4 23. Ra6 Nxd3 24. Qf3 Nxb2 25. Nxg6 hxg6 26. Rxg6+ fxg6 27. Qxf8+ Kh7 28. Qxc5 Nc4 29. Rf8 Kg7 30. Rf2 Rb7 31. Bf1 Rc7 32. Qf8+ Kh7 33. Bxc4 bxc4 34. g4 Qe7 35. Qf3 Qc5 36. Qg3 Rf7 37. Rd2 Bc6 38. g5 Rf4 39. h4 Kg7 40. h5 gxh5 0-1

[Event "Mauricie op U1800"]
[Site "Trois Rivieres CAN"]
[Date "2005.03.20"]
[Round "5"]
[White "Mercure, Gilbert"]
[Black "Grenier, Jean-Pierre"]
[Result "0-1"]
[WhiteElo "1697"]
[BlackElo "1531"]
[PlyCount "124"]
[GameId "2160767910965468"]
[EventDate "2005.03.18"]
[EventType "swiss"]
[EventRounds "5"]
[EventCountry "CAN"]
[SourceTitle "EXT 2022"]
[Source "ChessBase"]
[SourceDate "2021.10.06"]
[SourceVersion "1"]
[SourceVersionDate "2021.10.06"]
[SourceQuality "1"]

1. e4 c5 2. Nf3 Nc6 3. d4 cxd4 4. c3 dxc3 5. Bc4 cxb2 6. Bxb2 e6 7. O-O Na5 8. Bd3 b6 9. Qe2 f6 10. Rd1 Bc5 11. Nbd2 Ne7 12. Bc3 Nec6 13. Nb3 O-O 14. Nxa5 Nxa5 15. Rac1 Nb7 16. Nd4 Qe7 17. Bc4 Nd6 18. Bb3 Kh8 19. Kh1 a5 20. f4 Ba6 21. Qf3 Bb7 22. Bc2 Rac8 23. Bb2 Bxd4 24. Bxd4 Rxc2 25. Rxc2 Bxe4 26. Qa3 Bxc2 27. Rc1 Nf5 28. Qxe7 Nxe7 29. Rxc2 Rc8 30. Rb2 Nd5 31. f5 Nb4 32. Bg1 Rc2 33. Rb1 Rxa2 34. fxe6 dxe6 35. Bxb6 h5 36. h4 Nc2 37. Kh2 a4 38. Bc5 a3 39. Rc1 Kh7 40. Kg3 e5 41. Kf3 Kg6 42. Ke4 Na1 43. Bb4 Rxg2 44. Bxa3 Rg4+ 45. Kd5 Nb3 46. Rc7 Kf5 47. Bb2 g6 48. Rc3 Rd4+ 49. Kc6 Nd2 50. Rh3 Kg4 51. Rh1 Rb4 52. Ba3 Ra4 53. Be7 Kf5 54. Rh2 Nf3 55. Rf2 e4 56. Kb5 Ra7 57. Bc5 Rd7 58. Kc4 Rd2 59. Rf1 Kg4 60. Kc3 Rd3+ 61. Kc2 Kxh4 62. Be7 Kg5 0-1

[Event "Mauricie op U1800"]
[Site "Trois Rivieres CAN"]
[Date "2005.03.20"]
[Round "5"]
[White "Pilotte, Benoit"]
[Black "Lawson, Jonathan"]
[Result "0-1"]
[WhiteElo "1778"]
[BlackElo "1623"]
[PlyCount "70"]
[GameId "2160767910965469"]
[EventDate "2005.03.18"]
[EventType "swiss"]
[EventRounds "5"]
[EventCountry "CAN"]
[SourceTitle "EXT 2022"]
[Source "ChessBase"]
[SourceDate "2021.10.06"]
[SourceVersion "1"]
[SourceVersionDate "2021.10.06"]
[SourceQuality "1"]

1. f4 Nf6 2. Nf3 g6 3. d4 Bg7 4. e3 d6 5. Bd3 Nbd7 6. c3 c5 7. Bd2 a6 8. a4 O-O 9. f5 e5 10. fxg6 hxg6 11. Qc2 Qe7 12. e4 exd4 13. cxd4 cxd4 14. O-O Nc5 15. Re1 Ng4 16. Bg5 Bf6 17. Bxf6 Qxf6 18. e5 Qf4 19. exd6 Qxd6 20. Nbd2 Ne3 21. Qb1 Rd8 22. b4 Nxd3 23. Qxd3 Bf5 24. Ne4 Qxb4 25. Nh4 Qe7 26. Nxf5 gxf5 27. Ng3 Qg5 28. Ra2 Rac8 29. Rb1 Rc3 30. Qe2 Rdc8 31. Rxb7 Rc2 32. Rxc2 Rxc2 33. Rb8+ Kg7 34. Qd3 Rxg2+ 35. Kh1 Rxh2+ 0-1

[Event "Mauricie op U2000"]
[Site "Trois-Rivieres CAN"]
[Date "2005.03.18"]
[Round "1"]
[White "Gunapalan, David"]
[Black "Khudaverdian, Berj"]
[Result "1-0"]
[WhiteElo "1885"]
[BlackElo "1742"]
[PlyCount "71"]
[GameId "2160767910965470"]
[EventDate "2005.03.18"]
[EventType "swiss"]
[EventRounds "5"]
[EventCountry "CAN"]
[SourceTitle "EXT 2006"]
[Source "ChessBase"]
[SourceDate "2005.11.24"]
[SourceVersion "1"]
[SourceVersionDate "2005.11.24"]
[SourceQuality "1"]

1. e4 e6 2. d4 d5 3. exd5 exd5 4. Bd3 Nc6 5. c3 Nf6 6. f4 Bg4 7. Nf3 Qd7 8. O-O Ne4 9. Qe1 Bxf3 10. gxf3 Qh3 11. Bb5 f5 12. fxe4 fxe4 13. Qg3 Qd7 14. Be3 Bd6 15. c4 Qf7 16. cxd5 Qxd5 17. Nc3 Qf5 18. d5 a6 19. dxc6 axb5 20. cxb7 Rb8 21. Qg5 g6 22. Nxb5 Rxb7 23. a4 Be7 24. Qxf5 gxf5 25. Bd4 Rg8+ 26. Kh1 c6 27. Na3 Rb4 28. Bc3 Rxa4 29. Nc2 Rxa1 30. Rxa1 Rg4 31. Be5 Bc5 32. Re1 Bf2 33. Rf1 Bc5 34. Bd4 Bd6 35. Ne3 Rh4 36. Nxf5 1-0